Statistiques concernant Département français le moins peuplé par région

Cliquez ici pour prendre le quiz!

Statistiques générales

  • Ce quiz a été pris 107 fois
  • Le résultat moyen est 11 sur 14

Statistiques - réponses

RégionPopulationDépartement% Correct
Corse158,507Corse-du-Sud
96%
Bretagne600,582Côtes-d'Armor
96%
Normandie279,942Orne
85%
Nouvelle-Aquitaine116,617Creuse
83%
Départements d'Outre-Mer256,518Mayotte
83%
Auvergne-Rhône-Alpes144,692Cantal
82%
Centre-Val de Loire219,316Indre
82%
Île-de-France1,249,674Val-d'Oise
82%
Hauts-de-France531,345Aisne
81%
Grand Est172,512Haute-Marne
78%
Bourgogne-Franche-Comté141,318Territoire de Belfort
78%
Provence-Alpes-Côte d'Azur141,220Hautes-Alpes
75%
Occitanie76,604Lozère
75%
Pays de la Loire307,062Mayenne
71%

Distribution des résultats

Percentile par nombre de réponses

% des personnes avec chaque résultat

Votre développement - résultats

Vous n’avez pas pris ce quiz